000 00537nam a2200181 i 4500
001 121038
003 ES-MaACL
005 20230906191656.0
007 t|
008 070214s1960 sp r ||||1| spa d
080 _a613.884/.88
100 1 _aPrenafeta, J.
_993755
245 1 0 _aNatalidad regulada
_b: por un nuevo método sencillo, lícito y afectivo /
_cJ. Prenafeta.
260 _aBarcelona :
_bVilamala,
_c1960.
300 _a157 p. ;
_c18 cm.
650 _aControl de natalidad.
_911338
852 _aES-MaACL
_jC-19483
_bR.46897
999 _c121038
_d121038